Quizzes
Events
Quiz Creation
Community
Videos
Private Events
Remove Ads
Sign In
Join for FREE
Feedback
Dark Mode
Quiz Categories
Sports
Geography
Music
Movies
Television
Just For Fun
Miscellaneous
History
Literature
Language
Science
Gaming
Entertainment
Religion
Holiday
For Kids
Quiz Lab
Recent
Popular Today
Quiz Kudos Today
Editor Picks
Curator Picks
Quizzes by...
Day
Popularity
Type
Ratings
Length
Year
Community
Subscriptions
Recent Discussions
Orange Saloon
Badges
Playlists
Quests
Create
Leaderboards
Showdown
Live 5
Trivia Bingo
Activity
Puzzle Library
Sporcle Events
Private Events
Virtual Trivia
Globe League
Become a Host
Pub Owners
SporcleCon
Opinionation
Our Games
Videos
Blog
Mobile Apps
Partnerships
Remove Ads and Go Orange
Feedback
Music
Pop Music
The Beatles
Song
Album
Lyrics
Bands
Singers
Artist
Clip
Rock
Rap
Classical
Billboard
Country Music
Kpop
Taylor Swift
Music
Pop Music
The Beatles
Song
Album
Lyrics
Bands
Singers
Artist
Clip
Rock
Rap
Classical
Billboard
Country Music
Kpop
Taylor Swift
Random Quiz
Search Sporcle
×
Quiz Lab
Quiz Lab
Music
Pop Music
Type in answers that appear in a list
Type in answers that appear in a list
Classic
Best Score? Go Orange.
'Blood Brothers' Lyrics Stats
Can you name the lyrics to Ingrid Michaelson's 'Blood Brothers'?
By
Dalek_Harkness
10m
205 Questions
70 Plays
70 Plays
70 Plays
Comments
Comments
Give Quiz Kudos
Give Quiz Kudos
-
- Ratings
hide this ad
Replay
Link that replays current quiz
Next Quiz
Link to next quiz in quiz playlist
You Got
0%
They Got
Avg Score
36%
Avg Friend Score
Upgrade to see
Score Distribution
Jump to the score distribution portion of the page
Score
0/205
Timer
10:00
0
Plays Today
Answer
% Correct
I
75.7%
I
75.7%
I
75.7%
I
75.7%
a
72.9%
a
72.9%
a
72.9%
the
65.7%
the
65.7%
the
65.7%
you
58.6%
you
58.6%
you
58.6%
you
58.6%
you
58.6%
you
58.6%
you
58.6%
you
58.6%
you
58.6%
you
58.6%
you
58.6%
you
58.6%
you
58.6%
you
58.6%
you
58.6%
you
58.6%
you
58.6%
you
58.6%
you
58.6%
you
58.6%
blood,
48.6%
blood,
48.6%
blood
48.6%
blood,
48.6%
blood,
48.6%
blood
48.6%
blood,
48.6%
blood,
48.6%
blood
48.6%
blood,
48.6%
blood,
48.6%
blood
48.6%
blood,
48.6%
blood,
48.6%
blood
48.6%
blood,
48.6%
blood,
48.6%
blood
48.6%
blood,
48.6%
blood,
48.6%
blood
48.6%
blood,
48.6%
blood,
48.6%
blood
48.6%
blood,
48.6%
blood,
48.6%
blood
48.6%
blood,
48.6%
blood,
48.6%
blood
48.6%
blood,
48.6%
blood,
48.6%
blood
48.6%
brothers
47.1%
brothers
47.1%
brothers?
47.1%
brothers
47.1%
brothers
47.1%
brothers
47.1%
Answer
% Correct
brothers
47.1%
brothers
47.1%
brothers
47.1%
brothers
47.1%
brothers
47.1%
me,
45.7%
me?
45.7%
me,
45.7%
me
45.7%
me,
45.7%
me,
45.7%
me,
45.7%
me
45.7%
me,
45.7%
me
45.7%
my
41.4%
We're
32.9%
we're
32.9%
We're
32.9%
we're
32.9%
we're
32.9%
we're
32.9%
We're
32.9%
we're
32.9%
we're
32.9%
We're
32.9%
we're
32.9%
We're
32.9%
we're
32.9%
We're
32.9%
we're
32.9%
We're
32.9%
we're
32.9%
we're
32.9%
We're
32.9%
we're
32.9%
We're
32.9%
we're
32.9%
We're
32.9%
we're
32.9%
If
31.4%
If
31.4%
If
31.4%
If
31.4%
If
31.4%
If
31.4%
that
28.6%
That
28.6%
are,
28.6%
are,
28.6%
are,
28.6%
are,
28.6%
all
27.1%
all
27.1%
all
27.1%
all
27.1%
all
27.1%
all
27.1%
all
27.1%
all
27.1%
all
27.1%
all
27.1%
all
27.1%
all
27.1%
all
27.1%
all
27.1%
all
27.1%
all
27.1%
all
27.1%
Answer
% Correct
all
27.1%
all
27.1%
all
27.1%
all
27.1%
all
27.1%
all
27.1%
all
27.1%
for
25.7%
too
25.7%
too
25.7%
too
25.7%
too
25.7%
would
24.3%
would
24.3%
would
24.3%
would
24.3%
am
24.3%
would
24.3%
would
24.3%
am
24.3%
knew
22.9%
knew
22.9%
What
22.9%
what
22.9%
What
22.9%
what
22.9%
knew
22.9%
What
22.9%
what
22.9%
What
22.9%
what
22.9%
let
21.4%
from
21.4%
loved
20%
hold
20%
hand?
20%
loved
20%
need,
20%
need,
20%
need
20%
'Cause
20%
loved
20%
need,
20%
need,
20%
need
20%
'Cause
20%
save
18.6%
onto
18.6%
same
18.6%
same
18.6%
finally
17.1%
free?
17.1%
finally
17.1%
understand
17.1%
Under
17.1%
different
17.1%
name
17.1%
Under
17.1%
different
17.1%
name
17.1%
seat
15.7%
hear
12.9%
even
11.4%
make
11.4%
lift
10%
sound?
10%
ground?
8.6%
Quiz Playlist
Details
Report
Send in Message
Add To Playlist
Classic:
Type in answers that appear in a list
Last Updated: Aug 18, 2017
Quiz Scoreboard
CHALLENGE
Sign Up to Join the Scoreboard
Show All
Scores
Hide
Comments
May contain spoilers
Recently Published
One Thing in Common: World Cities II
by knightlancer
Geography
7m
Popular People in 1961
by mucciniale
History
6m
1-10 Letter E Words III
by El_Dandy
Language
2m
More to Explore
Quiz From the Vault
Featured Blog Post
Where Did the Easter Bunny Come From?
hide this ad
You Might Also Like...
Tags
Lyrics Quiz
Pop Music Quiz
2012
Figure Out the Lyrics
Ingrid Michaelson
Today's Top Quizzes in Music
Browse Music
hide this ad
Today's Top Quizzes in Pop Music
Browse Pop Music
Top Contributed Quizzes in Music
1
Taylor Swift All Songs (2024)
2
2010s Album by Cover III
3
Taylor Swift Logic Puzzle
4
One Thing in Common: Music
5
Guess the Artist- 70s Songs
6
Guess the Taylor Swift song (Mystery Song)
7
2010s Album by Cover V
8
2010s Album by Cover IV
9
Lana Del Rey Discography (BTD to DYKTTATUOB)
10
KPOP LOGIC QUIZ
Explore More
Trending Topics
Kpop
Anime
Harry Potter
Marvel
Crossword
NBA
Disney
Country
WWE
The Office
Song
Puzzle
Pokémon
Soccer
NFL
hide this ad
More By:
Dalek_Harkness
Quiz
Plays
Rating
Category
Featured
Created
States that Border Alaska
21,039
3.68
Geography
Nov 21, 2016
Word Hourglass: 1989 Single
8,639
4.42
Just For Fun
Mar 13, 2018
Word Ladder: Spacebound
4,914
4.27
Just For Fun
Apr 3, 2017
Operating Systems by Desktop
2,184
3.96
Science
Feb 27, 2017
Album Map: Red
1,861
4.71
Music
Aug 6, 2017
Go to Creator's Profile
Score Distribution
Quiz Creator Spotlight
Dalek_Harkness
Follow
Send a Message
Quizzes Created
-
Created Quiz Play Count
-
More By This Creator
Popular Quizzes Today
1
Find the US States - No Outlines Minefield
2
The Countries of the World
3
Find the Countries of Europe - No Outlines Minefield
4
Popular People in 1961
5
1-10 Letter E Words III
6
Find the US States
7
One Thing in Common: World Cities II
8
US States
More Music Quizzes
Bands on Album Covers
Published
Trending Quizzes
Risky Map Clicking: Least Populous States A-Z
1-10 Letter F Words
1-10 Letter G Words
One Thing in Common: United Kingdom
Risky Map Clicking: Next State Alphabetically
Recently Updated
Leaping Animals
pecheneg
Reality TV Shows (A-Z)
bhenderson79
Rickey Henderson's Hall of Fame Teammates
pecheneg
Champions League XIs: Arsenal
pecheneg
Quick Pick: Celebrities in WWE's Hall of Fame
aduchscher
A-Z Keypad Blitz II
pecheneg
Multiple Oscar Actors
pecheneg
Mystery Phrase Blitz: Oscar 'Best Actors'
pecheneg
F. Scott Fitzgerald Novels
LTH
Pick 3 Villains
ddd62291
Trending Topics
Anime
Disney
Kpop
Marvel
Harry Potter
NBA
Crossword
Song
Pokémon
Puzzle
NFL
Country
Soccer
WWE
The Office
Your Account Isn't Verified!
In order to create a playlist on Sporcle, you need to verify the email address you used during registration. Go to your
Sporcle Settings
to finish the process.
Report this User
Report this user for behavior that violates our
Community Guidelines
.
Details:
Send Report
Go to the Sporcle.com Mobile Site →
Comments